Mikropočítačový lexikon

Uložené v:
Podrobná bibliografia
Hlavný autor: Šatánek, Aleš
Médium: Kniha
Jazyk:Czech
Vydavateľské údaje: Praha Stát. ped. nakl. 1987
Vydanie:1. vyd.
Edícia:Knižnice všeobecného vzdělání mládeže - Horizont
Tagy: Pridať tag
Žiadne tagy, Buďte prvý, kto otaguje tento záznam!

MARC

LEADER 00000nam a2200000 4500
001 c023639
005 20221219102948.8
041 0 |a cze 
044 |a CZ 
245 1 0 |a Mikropočítačový lexikon  |c Aleš Šatánek 
250 |a 1. vyd. 
264 1 |a Praha  |b Stát. ped. nakl.  |c 1987 
300 |a 175 s. 
490 1 |a Knižnice všeobecného vzdělání mládeže - Horizont 
830 0 |a Knižnice všeobecného vzdělání mládeže - Horizont 
100 1 |a Šatánek, Aleš